Vampyria. Dvůr temnoty /
Úvodní román fantasy řady nás uvádí do současné Francie, v níž stále vládne Ludvík XIV., proměněný v temného nemrtvého. Na jeho přízračný dvůr se dostává prostá dívka s tajným posláním...
Uloženo v:
| Série: | Vampyria,
část 1 |
|---|---|
| Hlavní autor: | |
| Další autoři: | |
| Médium: | E-kniha |
| Jazyk: | Czech |
| Vydáno: |
Praha :
Dobrovský s.r.o.,
2022
|
| Edice: | Fobos
|
| Témata: | |
| Příbuzné jednotky: | Přeloženo z:
Vampyria Z cyklu:: Vampyria |
| Tagy: |
Žádné tagy |
| LEADER | 02941nam a2200481 i 4500 | ||
|---|---|---|---|
| 001 | 311772 | ||
| 003 | CZ PrSKC | ||
| 005 | 20260601215711.0 | ||
| 007 | ta | ||
| 008 | 221103s2022 xr g 000 f cze | ||
| 015 | |a cnb003470146 | ||
| 020 | |a 9788027710577 |q (vázáno) | ||
| 035 | |a (OCoLC)1378694780 | ||
| 040 | |a ABG001 |b cze |e rda | ||
| 041 | 1 | |a cze |h fre | |
| 072 | 7 | |a 821.133.1-3 |x Francouzská próza, francouzsky psaná |2 Konspekt | |
| 080 | |a 821.133.1-31 |2 MRF | ||
| 080 | |a (0:82-312.9) |2 MRF | ||
| 100 | 1 | |a Dixen, Victor, |d 1979- |7 xx0278320 |4 aut | |
| 240 | 1 | 0 | |a Cour des ténèbres. |l Česky |
| 245 | 1 | 0 | |a Vampyria. |p Dvůr temnoty / |c Victor Dixen ; z francouzského originálu Vampyria: La cour des ténèbres přeložila Alice Kottová |
| 246 | 3 | 0 | |a Dvůr temnoty |
| 264 | 1 | |a Praha : |b Dobrovský s.r.o., |c 2022 | |
| 300 | |a 399 stran ; |c 24 cm | ||
| 336 | |a text |b txt |2 rdacontent | ||
| 337 | |a bez média |b n |2 rdamedia | ||
| 338 | |a svazek |b nc |2 rdacarrier | ||
| 490 | 1 | |a Fobos | |
| 520 | 2 | |a Úvodní román fantasy řady nás uvádí do současné Francie, v níž stále vládne Ludvík XIV., proměněný v temného nemrtvého. Na jeho přízračný dvůr se dostává prostá dívka s tajným posláním... |b V roce Spásy 1715 se Král Slunce nechal transmutovat v nesmrtelného vampýra, a stal se Králem Temnoty. Od té doby despoticky vládne Francii i jejím místokrálovstvím, které nadobro ustrnuly ve Velkém století. Temnota postupně ovládá celý svět. Veškerý lid je spoután okovy a držen v hrůze. Pro nakrmení vampýrů, kteří tvoří nejvyšší šlechtu země, navíc doslova prolévá krev. Tři sta let po Králově transmutaci je Johana vytržena ze své neurozené rodiny a vržena do školy ve Versailles, která připravuje mladé šlechtice na život u Dvora. Bude čelit krutosti živých-mrtvých, intrikám spolužáků i množícím se nestvůrnostem mezi zdmi královského paláce. Johana má ovšem tajný úkol. Co všechno bude ochotna mu obětovat a podaří se jí ho nakonec splnit? Nakladatelská anotace. Kráceno. | |
| 546 | |a Český text | ||
| 655 | 7 | |a francouzské romány |7 fd132289 |2 czenas | |
| 655 | 7 | |a fantasy romány |7 fd184199 |2 czenas | |
| 655 | 9 | |a French fiction |2 eczenas | |
| 655 | 9 | |a fantasy novels |2 eczenas | |
| 700 | 1 | |a Kottová, Alice, |d 1979- |7 pna2007418690 |4 trl | |
| 765 | 0 | |t Vampyria | |
| 787 | 0 | 8 | |i Z cyklu: |t Vampyria |g 1 |
| 830 | 0 | |a Fobos | |
| 900 | |a ABA001 |b 20 | ||
| 044 | |a xr | ||
| 910 | |a RBIT002 | ||
| 998 | |d 364530 |a https://core.palmknihy.cz/api/books/364530/cover?rlspll |b https://core.palmknihy.cz/api/books/364530/cover/400?rlspll |c https://core.palmknihy.cz/api/books/364530/cover/50?rlspll |e 2027-09-10 |g 408 |i 9788027710577 |j https://core.palmknihy.cz/api/books/364530/preview.epub |k https://core.palmknihy.cz/api/books/364530/preview.pdf |l |q 49 |r 1 |s https://www.palmknihy.cz/kniha/364530 |t ebook |y 2022 |z 0 |v Vampyria |w 1 | ||
| 999 | |d 311770 | ||